Walpole / (Record no. 7466)
[ view plain ]
| 000 -LEADER | |
|---|---|
| fixed length control field | 00841nam a22002777a 4500 |
| 001 - CONTROL NUMBER | |
| control field | 7466 |
| 003 - CONTROL NUMBER IDENTIFIER | |
| control field | FISKH |
| 005 - DATE AND TIME OF LATEST TRANSACTION | |
| control field | 20250812161720.0 |
| 008 - FIXED-LENGTH DATA ELEMENTS--GENERAL INFORMATION | |
| fixed length control field | 250717b cb ||||| |||| 00| 0 eng d |
| 020 ## - INTERNATIONAL STANDARD BOOK NUMBER | |
| International Standard Book Number | 0060225432 |
| 040 ## - CATALOGING SOURCE | |
| Original cataloging agency | FISKH |
| Language of cataloging | eng |
| Transcribing agency | FISKH |
| Modifying agency | FISKH |
| 050 ## - LIBRARY OF CONGRESS CALL NUMBER | |
| Classification number | PZ7.H672 W |
| 082 ## - DEWEY DECIMAL CLASSIFICATION NUMBER | |
| Classification number | 823.9 |
| 100 ## - MAIN ENTRY--PERSONAL NAME | |
| Personal name | Hoff, Syd |
| 245 ## - TITLE STATEMENT | |
| Title | Walpole / |
| Statement of responsibility, etc. | By Syd Hoff |
| 260 ## - PUBLICATION, DISTRIBUTION, ETC. | |
| Place of publication, distribution, etc. | Columbus, Ohio : |
| Name of publisher, distributor, etc. | Harper Collin Publishers , |
| Date of publication, distribution, etc. | 1977. |
| 300 ## - PHYSICAL DESCRIPTION | |
| Extent | 32 pages : |
| Other physical details | color illustrations ; |
| Dimensions | 22 cm . |
| 490 ## - SERIES STATEMENT | |
| Series statement | An Early I can Read Book |
| 505 ## - FORMATTED CONTENTS NOTE | |
| Formatted contents note | G <br/><br/> |
| 520 ## - SUMMARY, ETC. | |
| Summary, etc. | Although Walpole is the biggest walrus in the herd, he would rather play with the baby walruses than be a leader. |
| 521 8# - TARGET AUDIENCE NOTE | |
| Target audience note | 370<br/><br/><br/> |
| Source | Lexile estimate <br/> |
| 521 8# - TARGET AUDIENCE NOTE | |
| Target audience note | G <br/> |
| Source | Raz-Plus <br/> |
| 650 ## - SUBJECT ADDED ENTRY--TOPICAL TERM | |
| Topical term or geographic name entry element | Walruses |
| Form subdivision | Fiction |
| 942 ## - ADDED ENTRY ELEMENTS (KOHA) | |
| Source of classification or shelving scheme | Dewey Decimal Classification |
| Koha item type | Books |
| Suppress in OPAC | No |
| Withdrawn status | Lost status | Source of classification or shelving scheme | Damaged status | Not for loan | Collection | Home library | Current library | Shelving location | Date acquired | Total Checkouts | Full call number | Barcode | Date last seen | Price effective from | Koha item type | Copy number |
|---|---|---|---|---|---|---|---|---|---|---|---|---|---|---|---|---|
| Dewey Decimal Classification | Juvenile Fiction | Footprints International School Library Network Toul Tom Poung Campus | Footprints International School Library Network Toul Tom Poung Campus | TTP Primary Green Bookshelves | 07/17/2025 | HOF 823.9 PZ7.H672 W | FISBK00344 | 07/17/2025 | 07/17/2025 | Books | ||||||
| Dewey Decimal Classification | Juvenile Fiction | Footprints International School Library Network Toul Tom Poung Campus | Footprints International School Library Network Toul Tom Poung Campus | TTP Primary Green Bookshelves | 08/12/2025 | HOF 823.9 PZ7.H672 W | FISBK00404 | 08/12/2025 | 08/12/2025 | Books | 2 |
